Statistics for Eurovision Winning Languages

Click here to take the quiz!

General Stats

  • This quiz has been taken 887 times
    (96 since last reset)
  • The average score is 12 of 15

Answer Stats

# of winsLanguage% Correct
35English
100%
14French
95%
2German
94%
3Italian
91%
1Portuguese
91%
2Spanish
91%
2Swedish
91%
3Dutch
88%
2Norwegian
82%
2Ukrainian
82%
1Danish
80%
1Serbian
80%
3Hebrew
75%
1Croatian
64%
1Crimean Tatar
26%

Score Distribution

Percentile by Number Answered

Percent of People with Each Score

Your Score History

You have not taken this quiz since the last reset